000 00638nam a2200205Ii 4500
003 JO-AjNU
008 230605s9999||||xx |||||||||||||| ||und||
020 _a806
040 _aJO-AjNU
_bara
_erda
_cJO-AjNU
041 _aara
050 1 4 _aS675 1990
100 3 _aالنعمة ، محمد جاسم ,
_eauthor
_936253
245 0 0 _aمكننة الانتاج الحيواني
264 3 1 _aالموصل:وزارة البحث العلمي ، 1990
300 _a286ص
336 _atext
_btxt
_2rdacontent
337 _aunmediated
_bn
_2rdamedia
338 _avolume
_bnc
_2rdacarrier
650 4 _aالانتاج الحيواني
_936254
999 _aA15045
_c18613
_d18613